Дело о подтверждении всем госпожам фрейлинам и господам в звании камергеров и камер-юнкеров находиться на выходах при Высочайшем...

Доступно только в Электронных читальных залах Найти на картеНа карте
RUSMARC
00003659nmc2a22002413x 450
00176c68526-af7c-419c-b4ba-8636d6f7d1f0
00520250121185620.0
100##$a20240930l18631863k l0rusy0189 ca
1010#$arus
$afre
102##$aRU
105##$ay###
1222#$ad
2001#$aДело о подтверждении всем госпожам фрейлинам и господам в звании камергеров и камер-юнкеров находиться на выходах при Высочайшем дворе, и в случае же болезни давать знать о том своевременно
$j31 марта - 30 апреля 1863 г.
215##$a20 л.
$d36,5х26 см
251##$cДело
300##$aНа русском и французском языках
371##$aДокумент не является опубликованным и широко распространяемым
461#0$100108cd6ec2-be9a-457f-a0b6-fa449e506316
$12001
$aКанцелярия Министерства Императорского двора
$1251
$cФонд
$1852
$j472
462#0$10015265e818-b7f3-4da1-9e39-1aec072863ce
$12001
$aКанцелярия Министерства Императорского двора
$1251
$cОпись
$1852
$j9
801#0$aRU
$bРГИА
$c20240930
$gRCR
801#1$aRU
$bГлавНИВЦ
$c20240930
$2rusmarc
801#2$aRU
$bПБ им. Б.Н. Ельцина
$c20250121
$gRCR
$2rusmarc
850##$aРГИА
852##$aРГИА
$eФедеральное казенное учреждение "Российский государственный исторический архив" (РГИА)
$j358
937##$hРГИА
$d12412619
$aASBIBLIO_SCAN
035##$aRusGRCC00081459
856##$uhttp://readingroom.main.prlib.ru/item.aspx?id_node=n195812992&mode=full
Формат отображения